000 00914nam a22002177a 4500
999 _c114157
_d114157
005 20180528132125.0
008 160303b mx ||||| |||| 00| 0 spa d
020 _a9786079361709 (ITESO)
020 _a9786074484885 (El manual moderno)
050 0 4 _aHV6545
_bF46 2015
245 0 0 _a Fenómeno suicida
_b : un acercamiento transdisciplinar
_c/ Teresita Morfín López, Armando Martín Ibarra López, coordinadores ; editor responsable Santiago Viveros Fuentes
260 _aMéxico, D.F. : Tlaquepaque , Jalisco.:
_bEl Manual Moderno ; Iteso ; Conacyt, ;
_c2015.
300 _axii,172 p.:
_bils.;
_c23 cm.
650 4 _aSuicidio
_xFactores de riesgo
650 4 _aSuicidio
_xPrevención
650 4 _aConducta suicida
_xTratamiento
700 1 _aMorfín López, Teresita,
_eed.
700 1 _aIbarra López, Armando Martín,
_eed.
700 1 _aViveros Fuentes, Santiago,
_eed.
942 _2lcc
_cLIB